000 00948cam a22003013a 4500
001 32226
003 PGUSA
005 20140828083710.0
008 100502s2010||||xxu|||||s|||||000 1 eng d
040 _aPGUSA
_beng
042 _adc
050 4 _aPZ
100 1 _aBrown, Abbie Farwell,
_d1871-1927
245 1 4 _aThe Flower Princess
_h[electronic resource] /
_cAbbie Farwell Brown
260 _bProject Gutenberg,
_c2010
505 0 _aThe flower princess -- The little friend -- The mermaid's child -- The ten blowers.
506 _aPublic domain in the USA.
516 _aElectronic text
653 _aPrincesses -- Juvenile fiction
653 _aFriendship -- Juvenile fiction
653 _aFairy tales
653 _aMermaids -- Juvenile fiction
653 _aCourtship -- Juvenile fiction
653 _aChildren's stories
830 0 _aProject Gutenberg
_v32226
856 4 0 _uhttp://www.gutenberg.org/ebooks/32226
942 _cEB
999 _c261481
_d261481